Gaming Quiz

Random Gaming or Video Games Quiz

Figure Out the Video Game Poem Quiz Stats

Quiz not verified by Sporcle

Also try: Halo Trilogy Maps
Challenge
Share
Tweet
Embed
Score 0/25 Timer 08:00
0 Plays Today
% Correct
The
86.8%
the
86.8%
A
63.2%
to
42.1%
to
42.1%
to
42.1%
will
31.6%
will
31.6%
sun
26.3%
sun
26.3%
sun...
26.3%
From
23.7%
Give
18.4%
% Correct
life
13.2%
moon,
13.2%
moon
13.2%
set
10.5%
living
10.5%
rising
7.9%
peaceful
7.9%
rest
7.9%
dead.
7.9%
eventually
5.3%
fade.
5.3%
newborn's
2.6%

You're not logged in!

Compare scores with friends on all Sporcle quizzes.
Sign Up with Email
OR
Log In

You Might Also Like...

Show Comments

Extras

Top Quizzes Today


Score Distribution

Your Account Isn't Verified!

In order to create a playlist on Sporcle, you need to verify the email address you used during registration. Go to your Sporcle Settings to finish the process.

Report this User

Report this user for behavior that violates our Community Guidelines.

Details: